000 00732nam a2200289Ia 4500
005 20260324135909.0
008 008 260324s9999 xx 000 0 eng d
020 _a9781410603159
037 _aEBOOK
040 _aCRL
040 _beng
040 _cCRL
041 _2eng
041 _aeng
084 _qCRL
100 _aMadeleine A. Grealy; James A. Thomson
_91202334
245 0 _aStudies in Perception and Action V
245 0 _bTenth international Conference on Perception and Action
260 _bTaylor and Francis
260 _c1999
365 _a
365 _b240
856 _uhttp://www.taylorfrancis.com/books/9781410603159
942 _cEBOOK
999 _c1803875
_d1803875